El espíritu creativo
Na minha lista:
| Main Authors: | , , |
|---|---|
| Formato: | Livro |
| Idioma: | espanhol |
| Publicado em: |
Buenos Aires
B Argentina
2000
|
| Assuntos: | |
| Tags: |
Adicionar Tag
Sem tags, seja o primeiro a adicionar uma tag!
|
MARC
| LEADER | 00000nam a2200000 a 4500 | ||
|---|---|---|---|
| 001 | UCL0874 | ||
| 003 | CL-VaPUC | ||
| 008 | 030825e20000000AG |||||||||||||||||spa|d | ||
| 020 | |a 9501520862 | ||
| 082 | 0 | 4 | |a 153.35 |b GOL |2 21 |
| 100 | |a Goleman, Daniel |e author |9 615276 | ||
| 700 | |a Kaufman, Paul |e author |9 601951 | ||
| 700 | 0 | |a Ray, Michael |e author |9 477607 | |
| 245 | 1 | 3 | |a El espíritu creativo |
| 300 | |a 215 p | ||
| 942 | |c BK | ||
| 945 | |d 20030825 00:00:00 |a cmena | ||
| 260 | |a Buenos Aires |b B Argentina |c 2000 | ||
| 650 | 0 | |a Creatividad |9 310816 | |
| 650 | 0 | |a Desarrollo individual |9 307875 | |
| 650 | 0 | |a Cognición |9 270347 | |
| 650 | 0 | |a Mente y cuerpo |9 307279 | |
| 650 | 0 | |a Psicología del niño |9 307305 | |
| 650 | 0 | |a Psicología industrial |9 271739 | |
| 583 | |a last modification |c 20030825 00:00:00 |k Rodrigo Vera | ||
| 999 | |c 304600 |d 304598 | ||
| 952 | |0 0 |1 0 |4 0 |6 153_350000000000000_GOL_2000 |7 0 |8 A |9 367099 |a BIBEDU |b BIBEDU |d 2019-11-21 |i 3932672 |o 153.35 GOL 2000 |p 3932672 |r 2019-11-21 |w 2019-11-21 |y BK |k EPE | ||